000
00247pab a2200109 454500
008
180718b xxu||||| |||| 00| 0 eng d
100
_a
Sezhiyan, Era
245
_a
The Governor is not an agent
650
_a
Governor
773
_a
Hindu
909
_a
21789
999
_c
21789
_d
21789